| 000 | 00569cam a2200193 a 4500 | ||
|---|---|---|---|
| 001 | 000007455 | ||
| 005 | 20200929154157.0 | ||
| 008 | 790531s1978 ve 001 0 spa | ||
| 020 | _cBs16.00 | ||
| 040 |
_aDO-SdBNP _bspa _cBNPHU |
||
| 082 |
_a864.44 _bS252b |
||
| 100 | 1 |
_aSassone, Helena, _d[1938-] _920729 |
|
| 245 | 1 | 0 |
_aBúho de papel / _cHelena Sassone. |
| 260 |
_aCaracas : _bMonte Ávila, _c1978. |
||
| 300 |
_a170 p. ; _c19 cm. |
||
| 490 | 1 | _aDonaire | |
| 650 | 4 |
_aEnsayos venezolanos _94376 |
|
| 650 | 4 |
_aLiteratura venezolana _xHistoria y crítica _ySIGLO XX _98722 |
|
| 999 |
_c7236 _d7236 |
||